NFL Stat Leaders 2022-23 - Statistics

General Stats
  • This quiz has been taken 248 times
  • The average score is 33 of 53
Answer Stats
Stat No. Answer % Correct
Passing Yards 5,250 Patrick Mahomes
98%
Passing Touchdowns 41 Patrick Mahomes
98%
35 Josh Allen
91%
1,538 Derrick Henry
89%
13 Derrick Henry
89%
Receiving Yards 1,809 Justin Jefferson
88%
Receptions 128 Justin Jefferson
88%
4,694 Tom Brady
86%
1,710 Tyreek Hill
85%
119 Tyreek Hill
85%
4,475 Joe Burrow
83%
35 Joe Burrow
83%
4,739 Justin Herbert
82%
Rushing Yards 1,653 Josh Jacobs
76%
12 Josh Jacobs
76%
1,429 Stefon Diggs
76%
108 Stefon Diggs
76%
11 Stefon Diggs
76%
30 Geno Smith
74%
13 Jalen Hurts
74%
29 Jared Goff
73%
169 Roquan Smith
73%
1,516 Davante Adams
72%
Receiving Touchdowns 14 Davante Adams
72%
4,547 Kirk Cousins
71%
29 Kirk Cousins
71%
Rushing TDs 17 Jamaal Williams
69%
110 Travis Kelce
68%
12 Travis Kelce
68%
15.5 Chris Jones
67%
1,525 Nick Chubb
66%
12 Nick Chubb
66%
1,496 A.J. Brown
64%
11 A.J. Brown
64%
Sacks 18.5 Nick Bosa
64%
16 Myles Garrett
63%
1,312 Saquon Barkley
60%
107 CeeDee Lamb
52%
13 Austin Ekeler
48%
107 Austin Ekeler
48%
Interceptions 6 C.J. Gardner-Johnson
47%
1,269 Miles Sanders
47%
12 Ezekiel Elliott
42%
11 George Kittle
38%
15.5 Matthew Judon
28%
6 Minkah Fitzpatrick
28%
16 Haason Reddick
27%
6 Justin Simmons
26%
6 Tariq Woolen
24%
Tackles 186 Foye Oluokun
17%
180 Nick Bolton
12%
163 Alex Singleton
10%
167 Zaire Franklin
10%
No matching quizzes found
Score Distribution
Percent of People with Each Score
Percentile by Number Answered
Your Score History
You have not taken this quiz